European Country by Highest Point Quiz Stats

Quiz not verified by Sporcle

Challenge
Share
Tweet
Embed
Score 0/46 Timer 06:00
0 Plays Today
Highest Point Country % Correct
Mont BlancFrance
98.5%
Mont BlancItaly
95.6%
Mount ElbrusRussia
94.2%
Mount OlympusGreece
92.7%
Mount AraratTurkey
90.5%
GrobglocknerAustria
89.1%
ZugspitzeGermany
85.4%
Monte RosaSwitzerland
78.8%
Coma PedrosaAndorra
70.8%
TeideSpain
68.6%
Ben NevisUnited Kingdom
65%
HvannadalshnukurIceland
62%
Chemin des RevoiresMonaco
59.9%
Mount PicoPortugal
56.2%
unnamed locationVatican City
55.5%
Moldoveanu PeakRomania
54%
GaldhopiggenNorway
54%
Monte TitanoSan Marino
51.8%
Mount KorabAlbania
51.1%
Vorder GrauspitzLiechtenstein
51.1%
TriglavSlovenia
50.4%
Mount KorabMacedonia
50.4%
VaalserbergNetherlands
50.4%
Highest Point Country % Correct
CarrauntoohilIreland
49.6%
MusalaBulgaria
42.3%
Signal de BotrangeBelgium
40.9%
Gerlachovsky stitSlovakia
40.1%
Mount RysyPoland
40.1%
KebnekaiseSweden
39.4%
Dzyarzhynskaya HaraBelarus
38%
MollehojDenmark
38%
HaltiFinland
36.5%
GjeravicaKosovo
35.8%
SnezkaCzech Republic
35.8%
Suur MunamagiEstonia
35.8%
MaglicBosnia
33.6%
HoverlaUkraine
32.8%
KneiffLuxembourg
32.1%
GaizinkalnsLatvia
31.4%
Zla KolataMontenegro
30.7%
MidzorSerbia
30.7%
DinaraCroatia
30.7%
KekesHungary
30.7%
Aukstojas HillLithuania
30.7%
Ta' DmejrekMalta
30.7%
BalanestiMoldova
24.1%

You're not logged in!

Compare scores with friends on all Sporcle quizzes.
Sign Up with Email
OR
Log In

You Might Also Like...

Show Comments

Extras

Top Quizzes Today


Score Distribution

Your Account Isn't Verified!

In order to create a playlist on Sporcle, you need to verify the email address you used during registration. Go to your Sporcle Settings to finish the process.

Report this User

Report this user for behavior that violates our Community Guidelines.

Details: